| 000 | 01174nas a2200289 a 4500 | ||
|---|---|---|---|
| 999 |
_c346165 _d346165 |
||
| 003 | BLK | ||
| 005 | 20200422145632.0 | ||
| 008 | 190915d |||p| |||| 00| c|bul d | ||
| 010 | _a000107 | ||
| 040 | _aBLK | ||
| 041 |
_aRUS _cRUS |
||
| 080 |
_aРуски език _b811.161.1 |
||
| 245 | 1 | 0 |
_aРусская реч _nНаучно популярны журнал |
| 260 |
_aМосква _c1967 _9400719 _bНаука |
||
| 300 |
_a128 с. _c20 см |
||
| 380 | _a80 | ||
| 490 |
_aЧастна колекция - Академик Михаил Арнаудов _gДарение - Основен фонд |
||
| 500 | _aАвтограф с текст: Дорогому и глубокоуважаемому Михаилу Петровичу Арнаудову зная его любовь к Свету (см. стр. 37) пдпис 14/XII 1970 | ||
| 505 | _tБележки по кориците на всички броеве : за автори и заглавия на статии. | ||
| 650 |
_aЛитературознание _9160629 |
||
| 650 | 0 |
_aРуски език _9262992 |
|
| 700 | 1 |
_aСт. Младенов _9400783 |
|
| 700 | 1 |
_a Ст. Василев _9400784 |
|
| 852 |
_aМА 5051 _bМА |
||
| 942 |
_cJOU _n0 _s1 |
||
| 999 | _d346165 | ||
| 999 | _d346165 | ||
| 999 | _d346165 | ||
| 999 | _d346165 | ||
| 999 | _d345068 | ||